000
00322nam a22001457a 4500
003
SGT
020
_a
978-1-60406-861-0
082
_a
617.8
_b
E16G
100
_a
GELFAND, STANLEY A.
245
_a
ESSENTIALS OF AUDIOLOGY
250
_a
4TH
260
_a
NEW YORK
_b
THIEME
_c
2016
650
_a
AUDIOLOGY
942
_2
ddc
_c
BK
999
_c
15480
_d
15480